000 00644nam a2200217Ia 4500
005 20250508170027.0
008 008 250505s9999 xx 000 0 eng d
020 _a978-1-138-64935-4
037 _aReference
040 _aFEDL
_beng
_cFEDL
041 _aeng
_2eng
084 _a372.21, COU/RR
_qFEDL
100 _aCousins Sarah
_9782776
245 0 _aInvesttigating emotional, sensory and social learning in early years practice
260 _aLondon, UK
_bRoutledge
_c2018
300 _a128p.
365 _aGBP
_b21.99
700 _a Cunah Wendy
_9782777
942 _cREF
_h372.21, COU/RR
999 _c1398755
_d1398755